00749nam a22001817a 4500010001500000020002700015035001400042037000900056082001400065100002900079245006800108260004500176270011200221300002500333942002800358999001900386952016200405 aENG-145017 a9788188503421c1395.00 aEN-128549 bDBAD a624.15136 aShukla, Ved Vyash981376 aHuman Development in Pre and Post Earthquake/cVed Vyash Shukla c2017a DelhibPratibha Book Distributors b Delhia821-B,Guru Ramdas Nagar Ext. Gurudwara Road,Laxmi Nagare110092mpratibhabookdistributors@gmail.com axiii,474p.c22cm(HB) 2ddccENh624.15136mSHU c211403d211403 001040708NFICaNPLbNPLd2025-05-23eDelivery of Books Act Divisiong1395.00l0o624.15136 SHUpEN-128549r2025-05-23 00:00:00t1v1395.00w2025-05-23yEN